| 000 | 02087pam a22004214a 4500 | ||
|---|---|---|---|
| 999 |
_c1142 _d1142 |
||
| 001 | 001367509 | ||
| 003 | OSt | ||
| 005 | 20210624071919.0 | ||
| 008 | 041018s2006 nyua 001 0 eng | ||
| 010 | _a 2004060004 | ||
| 020 | _a0131489887 | ||
| 035 | _a(OCoLC)56807790 | ||
| 040 |
_aDLC _cDLC _dWJ7 _dBAKER _dMYG |
||
| 042 | _apcc | ||
| 049 | _aMYGG | ||
| 050 | 0 | 0 |
_aQH430 _b.L4 2006 |
| 082 | 0 | 0 |
_a576.5 _222 |
| 100 | 1 | _aLewin, Benjamin. | |
| 245 | 1 | 0 |
_aEssential genes / _cBenjamin Lewin. |
| 260 |
_aUpper Saddle River, NJ : _bPearson Education, _cc2006. |
||
| 300 |
_axix, 594 p. : _bill. (some col.) ; _c29 cm. |
||
| 336 |
_atext _btxt _2rdacontent |
||
| 337 |
_aunmediated _bn _2rdamedia |
||
| 338 |
_avolume _bnc _2rdacarrier |
||
| 500 | _aUpdated ed. of: Genes VIII. | ||
| 500 | _aIncludes index. | ||
| 505 | 0 | _aDNA is the hereditary material -- Genes code for proteins -- Genes may be interrupted -- The content of the genome -- Genome sequences and gene numbers -- Clusters and repeats -- Messenger RNA -- Protein synthesis -- Using the genetic code -- Protein localization requires special signals -- Transcription -- The operon -- Regulatory RNA -- Phage strategies -- The replicon -- Extrachromosomal replicons -- Bacterial replication is connected to the cell cycle -- DNA replication -- Homologous and site-specific recombination -- Repair systems handle damage to DNA -- Transposons -- Retroviruses and retroposons -- Recombination in the immune system -- Promoters and enhancers -- Regulating eukaryotic transcription -- RNA splicing and processing -- Catalytic RNA -- Chromosomes -- Nucleosomes -- Chromatin structure is a focus for regulation -- Epigenetic effects are inherited -- Genetic engineering. | |
| 650 | 0 | _aGenetics. | |
| 650 | 0 | _aGenes. | |
| 700 | 1 |
_aLewin, Benjamin. _tGenes VIII. |
|
| 910 | _ajem060505 | ||
| 910 | _aMARCIVEAUT | ||
| 910 | _ajem060505 | ||
| 942 |
_2lcc _cBK _nJE |
||
| 949 | 0 |
_4IP _as _bSCI _cSTACK _o0 _p39080026920634 _x01 _hQH430.L4 2006 |
|